| 000 -LEADER |
| fixed length control field |
01180nam a2200301Ia 4500 |
| 001 - CONTROL NUMBER |
| control field |
21348 |
| 003 - CONTROL NUMBER IDENTIFIER |
| control field |
GE_BSU |
| 005 - DATE AND TIME OF LATEST TRANSACTION |
| control field |
20210909170618.0 |
| 008 - FIXED-LENGTH DATA ELEMENTS--GENERAL INFORMATION |
| fixed length control field |
181216s2017||||ru |||||||||||||| ||rus|| |
| 020 ## - INTERNATIONAL STANDARD BOOK NUMBER |
| International Standard Book Number |
9785969303102 |
| 040 ## - CATALOGING SOURCE |
| Transcribing agency |
GE_BSU |
| 041 ## - LANGUAGE CODE |
| Language code of text/sound track or separate title |
rus |
| 080 ## - UNIVERSAL DECIMAL CLASSIFICATION NUMBER |
| Universal Decimal Classification number |
665.65(075.8) Б-24 |
| 100 ## - MAIN ENTRY--PERSONAL NAME |
| Personal name |
Бардин, Д. Л. |
| 9 (RLIN) |
12419 |
| 245 ## - TITLE STATEMENT |
| Title |
Нефтехимия / |
| Statement of responsibility, etc. |
Д. Л. Бардин, У. Л. Леффлер ; Ред. : Е. Бережнова и Н. Дмуховская ; Пер. с англ. З. Свитанько. |
| 264 ## - PRODUCTION, PUBLICATION, DISTRIBUTION, MANUFACTURE, AND COPYRIGHT NOTICE |
| Place of production, publication, distribution, manufacture |
Москва : |
| Name of producer, publisher, distributor, manufacturer |
Олимп-Бизнес, |
| Date of production, publication, distribution, manufacture, or copyright notice |
2017. |
| 300 ## - PHYSICAL DESCRIPTION |
| Extent |
481 стр. ; |
| Other physical details |
Илл., |
| Dimensions |
22 см. |
| 500 ## - GENERAL NOTE |
| General note |
Предм. указатель стр. 469-481 |
| 546 ## - LANGUAGE NOTE |
| Language note |
Парал. заглавие на англ. |
| 653 ## - INDEX TERM--UNCONTROLLED |
| keyword |
Нефтехимия |
| 653 ## - INDEX TERM--UNCONTROLLED |
| keyword |
ნავთობის ტექნოლოგია |
| 700 ## - ADDED ENTRY--PERSONAL NAME |
| Personal name |
Леффлер, У.Л. |
| Titles and other words associated with a name |
Автор |
| 9 (RLIN) |
12420 |
| 700 ## - ADDED ENTRY--PERSONAL NAME |
| Personal name |
Бережноваь Е. |
| Titles and other words associated with a name |
Редактор |
| 9 (RLIN) |
12421 |
| 700 ## - ADDED ENTRY--PERSONAL NAME |
| Personal name |
Дмуховская,Н. |
| Titles and other words associated with a name |
Редактор |
| 9 (RLIN) |
12422 |
| 700 ## - ADDED ENTRY--PERSONAL NAME |
| Personal name |
Свитанько, З. |
| Titles and other words associated with a name |
Пер. с англ. |
| 9 (RLIN) |
12423 |
| 942 ## - ADDED ENTRY ELEMENTS (KOHA) |
| Koha item type |
წიგნი |
| Source of classification or shelving scheme |
|